| 000 | 00586nam a22001697a 4500 | ||
|---|---|---|---|
| 003 | OSt | ||
| 005 | 20241214103756.0 | ||
| 008 | 241022b |||||||| |||| 00| 0 eng d | ||
| 040 | _c0 | ||
| 082 | _aDPer050 M72 January-March 2018 v. 66 no. 8-10 | ||
| 100 |
_aAngara, Rommel N. _eauthor. _963341 |
||
| 245 |
_aPaggamit ng "Mahika" ng mga bugtong na sariling-katha / _cRommel N. Angara. |
||
| 260 |
_aPhilippines; _bPublishers Association of the Philippines, Inc., _cAugust 2018. |
||
| 300 | _aVolume 66, page 114. | ||
| 700 |
_aAngara, Rommel N. _eauthor. _960459 |
||
| 942 |
_2ddc _cPER |
||
| 999 |
_c22816 _d22816 |
||